Nghiên cứu cải tiến hệ thống nuôi thâm canh luân trùng (Brachionus plicatilis) : Thạc sĩ chuyên ngành Nuôi trồng Thủy sản
Guardado en:
| Autor principal: | |
|---|---|
| Formato: | Libro |
| Lenguaje: | Undetermined |
| Publicado: |
Cần Thơ
Trường Đại học Cần Thơ
2005
|
| Materias: | |
| Etiquetas: |
Agregar Etiqueta
Sin Etiquetas, Sea el primero en etiquetar este registro!
|
| Thư viện lưu trữ: | Trung tâm Học liệu Trường Đại học Cần Thơ |
|---|
| LEADER | 00731nam a2200193Ia 4500 | ||
|---|---|---|---|
| 001 | CTU_161252 | ||
| 008 | 210402s9999 xx 000 0 und d | ||
| 082 | |a 639.3 | ||
| 082 | |b O.408 | ||
| 100 | |a Dương, Thị Hoàng Oanh | ||
| 245 | 0 | |a Nghiên cứu cải tiến hệ thống nuôi thâm canh luân trùng (Brachionus plicatilis) : | |
| 245 | 0 | |b Thạc sĩ chuyên ngành Nuôi trồng Thủy sản | |
| 245 | 0 | |c Dương Thị Hoàng Oanh ; Cán bộ hướng dẫn: Vũ Ngọc Út | |
| 260 | |a Cần Thơ | ||
| 260 | |b Trường Đại học Cần Thơ | ||
| 260 | |c 2005 | ||
| 650 | |a Fish culture | ||
| 904 | |i Giang | ||
| 980 | |a Trung tâm Học liệu Trường Đại học Cần Thơ | ||